[Event "Misiones op"]
[Site "Misiones"]
[Date "2022.07.10"]
[Round "4"]
[White "Ferendiuk, Hugo"]
[Black "Unternahrer, Diego"]
[Result "1/2-1/2"]
[WhiteElo "1564"]
[BlackElo "1691"]
[PlyCount "51"]
[EventDate "2022.07.09"]
[EventType "swiss"]
[EventRounds "6"]
[EventCountry "ARG"]
[SourceTitle "CBM 209 Extra"]
[Source "ChessBase"]
[SourceDate "2022.09.30"]
[SourceVersion "1"]
[SourceVersionDate "2022.09.30"]
[SourceQuality "1"]

1. c4 e5 2. g3 Nc6 3. Bg2 Nf6 4. Nc3 Bb4 5. a3 Bxc3 6. bxc3 d6 7. d3 h6 8. Nf3 0-0 9. 0-0 Be6 10. e4 Qd7 11. Nh4 g5 12. Nf5 Bxf5 13. exf5 Qxf5 14. f4 gxf4 15. gxf4 e4 16. dxe4 Nxe4 17. Qd5 Qxd5 18. cxd5 Nxc3 19. dxc6 b6 20. f5 Ne2+ 21. Kh1 Nxc1 22. Raxc1 Rfe8 23. Rce1 Kg7 24. f6+ Kg6 25. Bh3 Rxe1 26. Rxe1 1/2-1/2